000 00586nam a2200181 i 4500
001 109046
003 ES-MaACL
005 20251012194432.0
007 t|
008 061121s1906 xxk r ||||1| eng d
100 1 _aOliver, Frederick Scott.
_986810
245 1 0 _aAlexander Hamilton
_b: an essay on American Union /
_cby Frederick S. Oliver.
260 _aLondon :
_b[s.n.],
_c1906 (
_fEdinburgh. T. and A. Constable)
300 _aXIII, 502 p. 7 láms. ;
_c23 cm.
600 1 7 _aHamilton, Alexander,
_d1757-1804
_2
_9154474
852 _aES-MaACL
_jG-11744
999 _c109046
_d109046